Normal view
MARC view
- Bukhari, Farig
Entry Personal Name
001 - CONTROL NUMBER
- control field: 17513
003 - CONTROL NUMBER IDENTIFIER
- control field: NUST
005 - DATE AND TIME OF LATEST TRANSACTION
- control field: 20190712103824.0
008 - FIXED-LENGTH DATA ELEMENTS
- fixed length control field: 190712|| aca||aabn | a|a d
040 ## - CATALOGING SOURCE
- Original cataloging agency: NUST
- Transcribing agency: NUST
100 ## - HEADING--PERSONAL NAME
- Personal name: Bukhari, Farig
670 ## - SOURCE DATA FOUND
- Source citation: Work cat.: (NUST): Bukhari, Farig, Kali Thop /, 2003.
